Guess The Australian City based on the Etymology - Statistics

General Stats
  • This quiz has been taken 20 times
  • The average score is 11 of 15
Answer Stats
Hint Answer % Correct
Named after a city/ county in Scotland, The most western capital of Australia. Perth
100%
Derived from the Ngunnawal language, Capital of all Capitals. Canberra
94%
Located at "Van Diemen's Land". Hobart
94%
Named after the infamous British Naturalist that Visited The Galapagos Islands Darwin
89%
Named after a British Prime Minister in the 1830s. Melbourne
89%
Established in 1788, The Botany Bay City. Sydney
83%
Named in honour of a Queen of England of a monarch before Queen Victoria. Adelaide
78%
Named after a river which was named after a governor. Brisbane
78%
Named after a city in the Northeast England, Locally nicknamed “Newy”. Newcastle
78%
Originally named “South Coast” due to its location in the southof Brisbane, Nicknames of the city include the ‘Glitter Strip’ and the ‘Goldy’. Gold Coast
72%
Named after Sydney Enterpreneur and Businessman Robert Towns. Townsville
72%
Named after a British Colonial Administrator, Called “gimuy” in native language. Cairns
61%
Originated from Indigenous Language, Colloquially referred to as The Gong. Wollongong
61%
Named after a city in Suffolk, England. Located in Queensland. Ipswich
44%
Located at the coastline of the Coral Sea near the Glass House Mountains. Sunshine Coast
22%
No matching quizzes found
Score Distribution
Percent of People with Each Score
Percentile by Number Answered
Your Score History
You have not taken this quiz